00519nam a2200193Ia 4500008004100000041001200041082000900053100001800062245003400080260004000114300000800154365000800162520002500170546001200195630003400207650002500241655002500266730003400291101110s9999 xx 000 0 und d aENGLISH bFR79 aSingh Phundan aEsesentials of plant breeding c2003bKalyani publication, Ludhiana a414 b160 aDry-land Agriculture aENGLISH aEsesentials of plant breeding aDry-land Agriculture aDry-land Agriculture aEsesentials of plant breeding